[Event "HUN-chT2 Toth 1819"]
[Site "Hungary"]
[Date "2019.03.10"]
[Round "9.2"]
[White "Borus, Andras"]
[Black "Abel, Lajos"]
[Result "1/2-1/2"]
[WhiteElo "2030"]
[BlackElo "2228"]
[PlyCount "61"]
[EventDate "2018.09.23"]
[EventType "team-tourn"]
[EventRounds "11"]
[EventCountry "HUN"]
[SourceTitle "EXT 2021"]
[Source "ChessBase"]
[SourceDate "2020.10.23"]
[SourceVersion "1"]
[SourceVersionDate "2020.10.23"]
[SourceQuality "1"]
[WhiteTeam "Szeged Maroczy III"]
[BlackTeam "Kecskemet Toth Laszlo II"]
[WhiteTeamCountry "HUN"]
[BlackTeamCountry "HUN"]

1. g3 c5 2. Bg2 e6 3. d3 a6 4. e4 d6 5. Nc3 b5 6. Nf3 Bb7 7. 0-0 Be7 8. Re1 Nd7 9. a3 Rc8 10. Nb1 Ngf6 11. Nbd2 0-0 12. c4 Qc7 13. b3 Rfd8 14. Qe2 Bc6 15. Bb2 Bf8 16. Rac1 Qb6 17. Rb1 Qa7 18. h4 Qc7 19. Bc3 Ba8 20. Nh2 Ne5 21. f4 Nc6 22. Bxf6 gxf6 23. Qh5 Kh8 24. Ng4 Bg7 25. Nh6 Rf8 26. g4 d5 27. Rf1 Nd4 28. g5 Qe7 29. exd5 Bxh6 30. Qxh6 fxg5 31. hxg5 1/2-1/2

[Event "HUN-chT2 Maroczy 1516"]
[Site "Hungary"]
[Date "2016.04.17"]
[Round "9.10"]
[White "Berczi, Peter"]
[Black "Abel, Lajos"]
[Result "0-1"]
[WhiteElo "1825"]
[BlackElo "2231"]
[PlyCount "90"]
[EventDate "2015.10.18"]
[EventType "team-tourn"]
[EventRounds "9"]
[EventCountry "HUN"]
[SourceTitle "EXT 2017"]
[Source "ChessBase"]
[SourceDate "2016.10.25"]
[SourceVersion "1"]
[SourceVersionDate "2016.10.25"]
[SourceQuality "1"]
[WhiteTeam "Maroczy"]
[BlackTeam "Toth Laszlo"]
[WhiteTeamCountry "HUN"]
[BlackTeamCountry "HUN"]

1. e4 d5 2. exd5 Qxd5 3. Nc3 Qd6 4. d4 Nf6 5. Nf3 c6 6. g3 Bg4 7. Bg2 Nbd7 8. 0-0 e6 9. Bf4 Qb4 10. Qd2 Bxf3 11. Bxf3 Bd6 12. Bxd6 Qxd6 13. Ne4 Nxe4 14. Bxe4 Nf6 15. Bf3 Rd8 16. Rad1 0-0 17. c3 Rd7 18. Rfe1 Rfd8 19. Qg5 h6 20. Qe5 Kf8 21. Qxd6+ Rxd6 22. Kf1 Nd5 23. Bxd5 Rxd5 24. Ke2 Rb5 25. b3 Rbd5 26. f4 Rh5 27. Rh1 Ke7 28. Ke3 Ra5 29. a4 g5 30. Rhf1 g4 31. Rf2 h5 32. Ke4 Kf6 33. Rfd2 h4 34. c4 Rh5 35. d5 exd5+ 36. cxd5 Re8+ 37. Kd4 Rxd5+ 38. Kc4 Re4+ 39. Kc3 Re3+ 40. Kc4 Rxd2 41. Rxd2 hxg3 42. hxg3 Rxg3 43. Rd7 Rf3 44. Rxb7 Rxf4+ 45. Kd3 g3 0-1

[Event "HUN-chT2 Maroczy 1516"]
[Site "Hungary"]
[Date "2016.04.03"]
[Round "8.10"]
[White "Abel, Lajos"]
[Black "Mester, Attila"]
[Result "1-0"]
[WhiteElo "2231"]
[BlackElo "2078"]
[PlyCount "107"]
[EventDate "2015.10.18"]
[EventType "team-tourn"]
[EventRounds "9"]
[EventCountry "HUN"]
[SourceTitle "EXT 2017"]
[Source "ChessBase"]
[SourceDate "2016.10.25"]
[SourceVersion "1"]
[SourceVersionDate "2016.10.25"]
[SourceQuality "1"]
[WhiteTeam "Toth Laszlo"]
[BlackTeam "Penzugyor"]
[WhiteTeamCountry "HUN"]
[BlackTeamCountry "HUN"]

1. d4 Nf6 2. Nf3 c5 3. e3 g6 4. Be2 Bg7 5. 0-0 0-0 6. b3 d6 7. Bb2 Nbd7 8. c4 b6 9. Nc3 Bb7 10. Qc2 a6 11. Rfd1 Qc7 12. Rac1 Rac8 13. d5 h6 14. Bd3 Rce8 15. Ne2 e5 16. e4 Nh7 17. Ng3 Qd8 18. Qd2 h5 19. Rb1 h4 20. Nf1 f5 21. Bc1 f4 22. h3 Bc8 23. N1h2 g5 24. Ne1 Ndf6 25. f3 Nh5 26. b4 Ng3 27. bxc5 bxc5 28. Bb2 Bd7 29. Bc3 Bf6 30. Ba5 Qc8 31. Rb2 Be7 32. Rdb1 Nf6 33. Rb7 Qa8 34. Bc7 Rc8 35. Ba5 Rb8 36. Qb2 Qxb7 37. Qxb7 Rxb7 38. Rxb7 Re8 39. Bc7 Ra8 40. Ng4 Ne8 41. Ba5 Bxg4 42. fxg4 Kf7 43. Nf3 Kf6 44. Kf2 Bf8 45. Nd2 Kg6 46. Nb3 Nf6 47. Kf3 Bg7 48. Bc3 Ne8 49. Na5 Bf6 50. Nc6 Kh6 51. Ba5 Kg6 52. Nb8 Bg7 53. Nc6 Bf6 54. Rb8 1-0

[Event "HUN-chT2 Maroczy 1516"]
[Site "Hungary"]
[Date "2016.02.14"]
[Round "5.10"]
[White "Dobai, Szabolcs"]
[Black "Abel, Lajos"]
[Result "0-1"]
[WhiteElo "2178"]
[BlackElo "2227"]
[PlyCount "48"]
[EventDate "2015.10.18"]
[EventType "team-tourn"]
[EventRounds "9"]
[EventCountry "HUN"]
[SourceTitle "EXT 2017"]
[Source "ChessBase"]
[SourceDate "2016.10.25"]
[SourceVersion "1"]
[SourceVersionDate "2016.10.25"]
[SourceQuality "1"]
[WhiteTeam "DVTK EMSE"]
[BlackTeam "Toth Laszlo"]
[WhiteTeamCountry "HUN"]
[BlackTeamCountry "HUN"]

1. c4 e6 2. g3 d5 3. Bg2 c6 4. Nf3 f5 5. 0-0 Nf6 6. d3 Bd6 7. Nc3 0-0 8. cxd5 exd5 9. Rb1 a5 10. a3 Na6 11. Bd2 Bd7 12. Qc2 Qc7 13. e3 Rac8 14. Rfc1 b5 15. Qd1 Qd8 16. d4 Qe7 17. Ne2 a4 18. Nf4 Ne4 19. Nd3 g5 20. Nfe5 Be8 21. Rc2 c5 22. f4 c4 23. b4 axb3 24. Rxb3 Ra8 0-1

[Event "HUN-chT2 Maroczy 1516"]
[Site "Hungary"]
[Date "2015.12.06"]
[Round "4.10"]
[White "Abel, Lajos"]
[Black "Somogyi, Gabor"]
[Result "1-0"]
[WhiteElo "2230"]
[BlackElo "1960"]
[PlyCount "159"]
[EventDate "2015.10.18"]
[EventType "team-tourn"]
[EventRounds "9"]
[EventCountry "HUN"]
[SourceTitle "CBM 170 Extra"]
[Source "ChessBase"]
[SourceDate "2016.02.25"]
[SourceVersion "1"]
[SourceVersionDate "2016.02.25"]
[SourceQuality "1"]
[WhiteTeam "Toth Laszlo"]
[BlackTeam "Dunaharaszti II"]
[WhiteTeamCountry "HUN"]
[BlackTeamCountry "HUN"]

1. d4 Nf6 2. Nf3 g6 3. Bf4 Bg7 4. e3 d6 5. Be2 0-0 6. c4 c5 7. 0-0 Qb6 8. Qb3 Qxb3 9. axb3 Nc6 10. dxc5 dxc5 11. Nc3 b6 12. Ne5 Nxe5 13. Bxe5 Bb7 14. Rfd1 Bc6 15. Bf3 Rfc8 16. Ra6 Bxf3 17. gxf3 Ne8 18. Bxg7 Kxg7 19. Rd7 Rc7 20. Rd1 Rb7 21. Nb5 Kf6 22. Kf1 h5 23. Ke2 Ke6 24. Rda1 Nc7 25. Nxc7+ Rxc7 26. Rxb6+ axb6 27. Rxa8 Rd7 28. Ra4 Kd6 29. b4 cxb4 30. Rxb4 Kc5 31. Rb5+ Kxc4 32. Rxb6 Kc5 33. Rb8 Kc4 34. f4 e6 35. Kf3 Kc5 36. h4 Kc6 37. Rb3 Ra7 38. Rc3+ Kd6 39. Rc1 Rb7 40. Rb1 Kc5 41. Ke4 Kd6 42. Kd4 Rb4+ 43. Kc3 Kc5 44. Rd1 Rc4+ 45. Kb3 Rb4+ 46. Ka3 Rb7 47. Rd4 Ra7+ 48. Kb3 Rb7+ 49. Kc3 Ra7 50. Rd1 Kb5 51. Rd8 Kc6 52. Rf8 Kc5 53. Rc8+ Kd6 54. Kd2 Rb7 55. Rc2 Rb3 56. Kc1 Rb4 57. Rd2+ Kc6 58. Kc2 Rb7 59. b3 Kc5 60. Rd8 Kb4 61. Rd4+ Kc5 62. Kc3 Ra7 63. Kb2 Rb7 64. Ra4 Rd7 65. Kc2 Kb5 66. Ra8 Kb4 67. Rb8+ Kc5 68. Kc3 Kc6 69. Rf8 Kb5 70. b4 Kb6 71. Kc4 Kc6 72. b5+ Kb6 73. Kb4 Re7 74. Rb8+ Kc7 75. Ra8 Kb7 76. Rd8 Kb6 77. Rd6+ Kb7 78. Kc4 Kc7 79. Ra6 Kb7 80. Kc5 1-0

[Event "HUN-chT2 Maroczy 1516"]
[Site "Hungary"]
[Date "2015.10.18"]
[Round "1.10"]
[White "Borda, Lajos"]
[Black "Abel, Lajos"]
[Result "0-1"]
[WhiteElo "2105"]
[BlackElo "2233"]
[PlyCount "98"]
[EventDate "2015.10.18"]
[EventType "team-tourn"]
[EventRounds "9"]
[EventCountry "HUN"]
[SourceTitle "CBM 170 Extra"]
[Source "ChessBase"]
[SourceDate "2016.02.25"]
[SourceVersion "1"]
[SourceVersionDate "2016.02.25"]
[SourceQuality "1"]
[WhiteTeam "Magyar Sakkvilag"]
[BlackTeam "Toth Laszlo"]
[WhiteTeamCountry "HUN"]
[BlackTeamCountry "HUN"]

1. e4 c5 2. Nf3 g6 3. d4 Bg7 4. dxc5 Qa5+ 5. c3 Qxc5 6. Nd4 Nf6 7. Bd3 a6 8. Qe2 Nc6 9. Be3 Qh5 10. Qxh5 Nxh5 11. Nd2 d6 12. Nc4 Ne5 13. Be2 Nxc4 14. Bxc4 Nf6 15. f3 Bd7 16. Rd1 0-0 17. Kf2 Rfc8 18. Bd3 b5 19. g4 Rab8 20. h4 e5 21. Ne2 Be6 22. g5 Nh5 23. Rd2 Rc6 24. Bb1 f5 25. exf5 gxf5 26. f4 b4 27. Rhd1 Bf8 28. Kf3 a5 29. cxb4 axb4 30. Rc2 Rbc8 31. Rdc1 Rxc2 32. Rxc2 Rxc2 33. Bxc2 Kf7 34. b3 Bd7 35. Bd2 e4+ 36. Kf2 d5 37. Be3 Bd6 38. Bd1 Kg6 39. Ke1 Bc8 40. Kf2 Ba6 41. Bd2 Bxe2 42. Bxe2 Nxf4 43. Bxf4 Bxf4 44. Bb5 Kh5 45. Bd7 Kg4 46. Be6 d4 47. Bg8 Bg3+ 48. Ke2 Bxh4 49. Bxh7 Bxg5 0-1

[Event "HUN-chT2 Toth 1516"]
[Site "Hungary"]
[Date "2015.09.13"]
[Round "1.3"]
[White "Abel, Lajos"]
[Black "Blazsik, Zoltan Jr"]
[Result "1-0"]
[WhiteElo "2229"]
[BlackElo "2099"]
[PlyCount "55"]
[EventDate "2015.09.13"]
[EventType "team-tourn"]
[EventRounds "11"]
[EventCountry "HUN"]
[SourceTitle "CBM 170 Extra"]
[Source "ChessBase"]
[SourceDate "2016.02.25"]
[SourceVersion "1"]
[SourceVersionDate "2016.02.25"]
[SourceQuality "1"]
[WhiteTeam "Toth Laszlo II"]
[BlackTeam "Maroczy II"]
[WhiteTeamCountry "HUN"]
[BlackTeamCountry "HUN"]

1. d4 d5 2. Bf4 Nf6 3. e3 e6 4. Nd2 b6 5. Ngf3 Be7 6. Ne5 0-0 7. Qf3 Bb7 8. Bd3 Nfd7 9. Qh3 g6 10. Ndf3 Bc8 11. Qh6 Nxe5 12. Bxe5 f6 13. Bg3 Rf7 14. e4 Ba6 15. Bxa6 Nxa6 16. exd5 exd5 17. 0-0 Bd6 18. Rfe1 Bxg3 19. hxg3 Qf8 20. Qe3 Rd8 21. Re2 c5 22. Rae1 Nb4 23. Qb3 Rfd7 24. Qa4 a6 25. a3 b5 26. Qa5 Nc6 27. Qxa6 Rc7 28. Qb6 1-0

[Event "HUN-chT2 Maroczy 1415"]
[Site "Hungary"]
[Date "2015.03.22"]
[Round "8"]
[White "Abel, Lajos"]
[Black "Kiss, Emese"]
[Result "1/2-1/2"]
[WhiteElo "2233"]
[BlackElo "2103"]
[PlyCount "90"]
[EventDate "2014.10.12"]
[EventType "team-tourn"]
[EventRounds "9"]
[EventCountry "HUN"]
[SourceTitle "EXT 2016"]
[Source "ChessBase"]
[SourceDate "2015.10.08"]
[SourceVersion "1"]
[SourceVersionDate "2015.10.08"]
[SourceQuality "1"]
[WhiteTeam "TLSE"]
[BlackTeam "Penzugyor II"]
[WhiteTeamCountry "HUN"]
[BlackTeamCountry "HUN"]

1. d4 Nf6 2. Nf3 g6 3. Bf4 Bg7 4. e3 d6 5. Be2 0-0 6. c4 c6 7. Nc3 Nbd7 8. 0-0 Re8 9. Rc1 a6 10. b4 b5 11. Qb3 Nb6 12. cxb5 Be6 13. Qb1 cxb5 14. Rfd1 Bc4 15. Bxc4 Nxc4 16. a4 Qb6 17. Qb3 Rec8 18. h3 Rab8 19. axb5 axb5 20. Ra1 Ra8 21. Rdc1 Rxa1 22. Rxa1 Qb7 23. Bg5 Ne4 24. Nxe4 Qxe4 25. Ra7 f6 26. Bf4 Ra8 27. Ra2 Rxa2 28. Qxa2 Qc6 29. Qa7 Bf8 30. Qb8 Kf7 31. Qa7 Kg8 32. Qb8 Kf7 33. Qa7 Qe4 34. Qa2 Qc6 35. Kh2 Kg8 36. Qa7 e5 37. Bg3 e4 38. Ng1 d5 39. Qb8 Kf7 40. Qa7+ Kg8 41. Qb8 Nd2 42. Ne2 Nf1+ 43. Kg1 Nxg3 44. fxg3 Kf7 45. Qa7+ Kg8 1/2-1/2

[Event "HUN-chT2 Toth 1415"]
[Site "Hungary"]
[Date "2015.03.01"]
[Round "9.2"]
[White "Muhari, Istvan"]
[Black "Abel, Lajos"]
[Result "1/2-1/2"]
[WhiteElo "2246"]
[BlackElo "2233"]
[PlyCount "27"]
[EventDate "2014.09.07"]
[EventType "team-tourn"]
[EventRounds "11"]
[EventCountry "HUN"]
[SourceTitle "EXT 2016"]
[Source "ChessBase"]
[SourceDate "2015.10.08"]
[SourceVersion "1"]
[SourceVersionDate "2015.10.08"]
[SourceQuality "1"]
[WhiteTeam "Ujszasz"]
[BlackTeam "Toth Laszlo"]
[WhiteTeamCountry "HUN"]
[BlackTeamCountry "HUN"]

1. e4 e6 2. e5 c5 3. c3 d6 4. exd6 Qxd6 5. d4 Nf6 6. Nf3 Nc6 7. Be2 Be7 8. 0-0 0-0 9. Na3 cxd4 10. Nb5 Qd8 11. Nbxd4 Nxd4 12. Nxd4 a6 13. Qc2 Qc7 14. Bf3 1/2-1/2

[Event "HUN-chT2 Toth 1314"]
[Site "Hungary"]
[Date "2014.04.27"]
[Round "11"]
[White "Gyori, Szabolcs"]
[Black "Abel, Lajos"]
[Result "1/2-1/2"]
[WhiteElo "2175"]
[BlackElo "2222"]
[PlyCount "35"]
[EventDate "2013.09.08"]
[EventType "team-tourn"]
[EventRounds "11"]
[EventCountry "HUN"]
[SourceTitle "EXT 2016"]
[Source "ChessBase"]
[SourceDate "2015.10.08"]
[SourceVersion "1"]
[SourceVersionDate "2015.10.08"]
[SourceQuality "1"]
[WhiteTeam "Oroshaza"]
[BlackTeam "Toth Laszlo II"]
[WhiteTeamCountry "HUN"]
[BlackTeamCountry "HUN"]

1. c4 f5 2. g3 Nf6 3. Bg2 g6 4. b3 d6 5. Bb2 Bg7 6. d4 0-0 7. Nf3 c6 8. 0-0 Na6 9. Nbd2 Nc7 10. Qc2 Bd7 11. e4 Rc8 12. Rfe1 Nh5 13. exf5 Bxf5 14. Qc1 Qd7 15. Ne4 Bh3 16. Bh1 Bg4 17. Nh4 Rce8 18. Bc3 1/2-1/2

[Event "HUN-chT2 Toth 1314"]
[Site "Hungary"]
[Date "2014.04.13"]
[Round "10.1"]
[White "Abel, Lajos"]
[Black "Volosin, Vladimir"]
[Result "1/2-1/2"]
[WhiteElo "2222"]
[BlackElo "2261"]
[PlyCount "82"]
[EventDate "2013.09.08"]
[EventType "team-tourn"]
[EventRounds "11"]
[EventCountry "HUN"]
[SourceTitle "EXT 2016"]
[Source "ChessBase"]
[SourceDate "2015.10.08"]
[SourceVersion "1"]
[SourceVersionDate "2015.10.08"]
[SourceQuality "1"]
[WhiteTeam "Toth Laszlo II"]
[BlackTeam "Szentes"]
[WhiteTeamCountry "HUN"]
[BlackTeamCountry "HUN"]

1. d4 Nf6 2. Nf3 d5 3. Bf4 Bf5 4. e3 e6 5. Nbd2 Bd6 6. Bg3 Ne4 7. Nxe4 Bxe4 8. Nd2 Bg6 9. c4 dxc4 10. Bxc4 Nd7 11. Bxd6 cxd6 12. Qb3 d5 13. Bb5 0-0 14. 0-0 Nf6 15. Rfc1 Rc8 16. Rc3 Ne4 17. Nxe4 Bxe4 18. f3 Bg6 19. Rac1 Rxc3 20. Qxc3 Qd6 21. Qc5 Qxc5 22. Rxc5 Rb8 23. Rc7 Kf8 24. b4 a6 25. Bd7 Bd3 26. a3 Ke7 27. Ba4+ Kf6 28. Kf2 b5 29. Bd1 a5 30. bxa5 Ra8 31. Rc3 Bc4 32. e4 Rxa5 33. e5+ Ke7 34. g4 h6 35. f4 g6 36. Bc2 b4 37. axb4 Rb5 38. f5 gxf5 39. gxf5 exf5 40. Bxf5 Rxb4 41. Rh3 Rb6 1/2-1/2

[Event "HUN-chT2 Toth 1314"]
[Site "Hungary"]
[Date "2014.03.23"]
[Round "9.1"]
[White "Karsai, Istvan"]
[Black "Abel, Lajos"]
[Result "0-1"]
[WhiteElo "2111"]
[BlackElo "2222"]
[PlyCount "66"]
[EventDate "2013.09.08"]
[EventType "team-tourn"]
[EventRounds "11"]
[EventCountry "HUN"]
[SourceTitle "EXT 2016"]
[Source "ChessBase"]
[SourceDate "2015.10.08"]
[SourceVersion "1"]
[SourceVersionDate "2015.10.08"]
[SourceQuality "1"]
[WhiteTeam "Csongrad Felegyhaza"]
[BlackTeam "Toth Laszlo II"]
[WhiteTeamCountry "HUN"]
[BlackTeamCountry "HUN"]

1. e4 c5 2. Nc3 Nc6 3. g3 g6 4. Bg2 Bg7 5. d3 Rb8 6. Be3 d6 7. Qd2 b5 8. Nge2 Nd4 9. 0-0 h5 10. Nd1 h4 11. c3 Nxe2+ 12. Qxe2 Nf6 13. Bg5 hxg3 14. hxg3 Rh5 15. Bxf6 Bxf6 16. Ne3 Kf8 17. Bf3 Rh7 18. Bg4 b4 19. Rac1 Ba6 20. Nd5 e6 21. Ne3 Kg7 22. Kg2 Qa5 23. c4 Rbh8 24. Rh1 Rxh1 25. Rxh1 Rxh1 26. Kxh1 Qxa2 27. Nd1 Bb7 28. Kh2 Qb1 29. f4 Qc1 30. Bf3 Bc8 31. e5 dxe5 32. fxe5 Bg5 33. Kg2 Bd7 0-1

[Event "HUN-chT2 Toth 1213"]
[Site "Hungary"]
[Date "2013.03.03"]
[Round "8.5"]
[White "Zsiros, Gyorgy"]
[Black "Abel, Lajos"]
[Result "1/2-1/2"]
[WhiteElo "1978"]
[BlackElo "2215"]
[PlyCount "53"]
[EventDate "2012.09.16"]
[EventType "team-tourn"]
[EventRounds "11"]
[EventCountry "HUN"]
[SourceTitle "EXT 2014"]
[Source "ChessBase"]
[SourceDate "2013.11.20"]
[SourceVersion "1"]
[SourceVersionDate "2013.11.20"]
[SourceQuality "1"]
[WhiteTeam "Mezobereny"]
[BlackTeam "Toth Laszlo II"]
[WhiteTeamCountry "HUN"]
[BlackTeamCountry "HUN"]

1. e4 c5 2. Nf3 g6 3. d4 Bg7 4. Nc3 cxd4 5. Nxd4 Nc6 6. Be3 Nf6 7. Bc4 0-0 8. 0-0 d6 9. h3 Bd7 10. Qd2 Rc8 11. Bb3 a6 12. f4 Qa5 13. Rad1 Qh5 14. Rf3 b5 15. a3 Nxd4 16. Bxd4 Bc6 17. g4 Nxg4 18. Bxg7 Nf6 19. Bxf6 Qxf3 20. Bxe7 Rfe8 21. Bxd6 Rxe4 22. Nxe4 Bxe4 23. f5 Qh1+ 24. Kf2 Qf3+ 25. Kg1 Qh1+ 26. Kf2 Qf3+ 27. Kg1 1/2-1/2

[Event "HUN-chT2 Toth 1213"]
[Site "Hungary"]
[Date "2013.01.27"]
[Round "6.6"]
[White "Abel, Lajos"]
[Black "Kovacs, Laszlo"]
[Result "1-0"]
[WhiteElo "2215"]
[BlackElo "1996"]
[PlyCount "93"]
[EventDate "2012.09.16"]
[EventType "team-tourn"]
[EventRounds "11"]
[EventCountry "HUN"]
[SourceTitle "EXT 2014"]
[Source "ChessBase"]
[SourceDate "2013.11.20"]
[SourceVersion "1"]
[SourceVersionDate "2013.11.20"]
[SourceQuality "1"]
[WhiteTeam "Toth Laszlo II"]
[BlackTeam "Felegyhaza Csongrad"]
[WhiteTeamCountry "HUN"]
[BlackTeamCountry "HUN"]

1. d4 Nf6 2. Nf3 g6 3. Bf4 Bg7 4. e3 0-0 5. Be2 d6 6. c4 Re8 7. Nc3 Nbd7 8. Rc1 c6 9. 0-0 Qa5 10. h3 e5 11. Bh2 e4 12. Nd2 d5 13. cxd5 cxd5 14. Nb3 Qb4 15. Nb5 Rd8 16. Bc7 Qe7 17. Bxd8 Qxd8 18. Qc2 Nb6 19. Qc7 Qxc7 20. Rxc7 Ne8 21. Rc2 Rb8 22. Nxa7 Bd7 23. Nc5 Nf6 24. Nxd7 Nfxd7 25. Rc7 Bf8 26. Nb5 Be7 27. b3 Bd8 28. Rc2 Nf6 29. Rfc1 Kg7 30. a4 Ra8 31. Nd6 Rb8 32. g4 h6 33. Kg2 Ra8 34. Nxb7 Be7 35. Nc5 Ne8 36. Ra2 Nd6 37. a5 Nbc8 38. b4 Bd8 39. Nd7 Ra7 40. Ne5 Ra8 41. Nc6 Bh4 42. b5 Nb6 43. Nb4 Nbc4 44. Nxd5 Rxa5 45. Bxc4 Nxc4 46. Rxa5 Nxa5 47. Rc7 1-0

[Event "HUN-chT2 Toth 1213"]
[Site "Hungary"]
[Date "2012.12.02"]
[Round "5.6"]
[White "Abel, Lajos"]
[Black "Szijarto, Csaba"]
[Result "1-0"]
[WhiteElo "2215"]
[BlackElo "2103"]
[PlyCount "75"]
[EventDate "2012.09.16"]
[EventType "team-tourn"]
[EventRounds "11"]
[EventCountry "HUN"]
[SourceTitle "EXT 2014"]
[Source "ChessBase"]
[SourceDate "2013.11.20"]
[SourceVersion "1"]
[SourceVersionDate "2013.11.20"]
[SourceQuality "1"]
[WhiteTeam "Toth Laszlo II"]
[BlackTeam "Ujszasz"]
[WhiteTeamCountry "HUN"]
[BlackTeamCountry "HUN"]

1. d4 Nf6 2. Nf3 g6 3. Bf4 Bg7 4. e3 0-0 5. Be2 d6 6. c4 Nbd7 7. Nc3 Re8 8. 0-0 e5 9. dxe5 dxe5 10. Nxe5 c6 11. Nxd7 Nxd7 12. Qc2 Nc5 13. Rad1 Qa5 14. g4 Bxc3 15. bxc3 Ne4 16. Rd4 Nxc3 17. Bf3 Na4 18. Rfd1 Be6 19. Bh6 Nc5 20. Qb2 Na4 21. Qxb7 Rab8 22. Qxc6 Rbc8 23. Qd6 Qc7 24. Qb4 Nc5 25. Qc3 Qe5 26. Qa5 Qf6 27. Rf4 Qe7 28. g5 Bf5 29. Bd5 Ne6 30. Qc3 f6 31. gxf6 Qf7 32. e4 Red8 33. exf5 Rxd5 34. fxe6 Rxd1+ 35. Kg2 Qxe6 36. f7+ Qxf7 37. Rxf7 Kxf7 38. Qf3+ 1-0

[Event "HUN-chT2 Toth 1213"]
[Site "Hungary"]
[Date "2012.11.18"]
[Round "4.5"]
[White "Abel, Lajos"]
[Black "Agoston, Aron"]
[Result "1/2-1/2"]
[WhiteElo "2215"]
[BlackElo "2116"]
[PlyCount "133"]
[EventDate "2012.09.16"]
[EventType "team-tourn"]
[EventRounds "11"]
[EventCountry "HUN"]
[SourceTitle "EXT 2014"]
[Source "ChessBase"]
[SourceDate "2013.11.20"]
[SourceVersion "1"]
[SourceVersionDate "2013.11.20"]
[SourceQuality "1"]
[WhiteTeam "Toth Laszlo II"]
[BlackTeam "Mako II"]
[WhiteTeamCountry "HUN"]
[BlackTeamCountry "HUN"]

1. d4 Nf6 2. Bf4 g6 3. e3 Bg7 4. Be2 d5 5. Nd2 c6 6. h3 Ne4 7. Ngf3 Nxd2 8. Qxd2 Nd7 9. 0-0 0-0 10. Rfd1 Qe8 11. c4 dxc4 12. Bxc4 e5 13. dxe5 Nxe5 14. Nxe5 Bxe5 15. Bh6 Bg7 16. Bxg7 Kxg7 17. Qc3+ Kg8 18. Qf6 Be6 19. Bxe6 fxe6 20. Qe5 Rf5 21. Qc7 Rf7 22. Qd6 Qe7 23. Qxe7 Rxe7 24. Rd6 Kf7 25. Kf1 Rc7 26. Rad1 Ke7 27. Ke2 Rf8 28. e4 c5 29. f3 g5 30. R6d2 Kf6 31. Ke3 Ke5 32. Rc1 b6 33. Rcd1 h6 34. Rd7 Rf7 35. Rxf7 Rxf7 36. g3 Rg7 37. Rd8 Kf6 38. Kd3 Ke7 39. Rh8 Rf7 40. Ke3 Rf6 41. e5 Rf7 42. Ra8 Rf5 43. Rxa7+ Kd8 44. Ke4 h5 45. Rg7 h4 46. gxh4 Rf4+ 47. Ke3 Rxh4 48. Rxg5 Rxh3 49. Rg8+ Kd7 50. Rg2 Rh4 51. f4 b5 52. Ke4 Rh1 53. Re2 Ke7 54. Rc2 c4 55. a4 bxa4 56. Rxc4 Rh2 57. Rb4 Kf7 58. Kd4 Kg6 59. Kc5 Kf5 60. Kb5 Rf2 61. Rxa4 Rxb2+ 62. Kc6 Rd2 63. Kc7 Rd1 64. Rc4 Rd2 65. Kc6 Rd1 66. Kc7 Rd2 67. Kc6 1/2-1/2

[Event "HUN-chT2 Toth 1213"]
[Site "Hungary"]
[Date "2012.11.04"]
[Round "3.4"]
[White "Abel, Lajos"]
[Black "Deak, Zoltan"]
[Result "1/2-1/2"]
[WhiteElo "2215"]
[BlackElo "1962"]
[PlyCount "112"]
[EventDate "2012.09.16"]
[EventType "team-tourn"]
[EventRounds "11"]
[EventCountry "HUN"]
[SourceTitle "EXT 2014"]
[Source "ChessBase"]
[SourceDate "2013.11.20"]
[SourceVersion "1"]
[SourceVersionDate "2013.11.20"]
[SourceQuality "1"]
[WhiteTeam "Toth Laszlo II"]
[BlackTeam "Bekes"]
[WhiteTeamCountry "HUN"]
[BlackTeamCountry "HUN"]

1. d4 d5 2. Bf4 e6 3. Nf3 Bd6 4. Bg3 Ne7 5. Nbd2 Nf5 6. e4 Nxg3 7. hxg3 Nc6 8. c3 dxe4 9. Nxe4 Bd7 10. Bd3 h6 11. Nfd2 Qe7 12. Nc4 0-0-0 13. Qf3 f5 14. Nexd6+ cxd6 15. 0-0-0 e5 16. Rhe1 e4 17. Qe3 d5 18. Nd2 Qg5 19. f4 Qf6 20. Be2 Kb8 21. Kb1 Rc8 22. Nb3 Ne7 23. Nc5 Rhd8 24. Rc1 Bc6 25. b3 Ka8 26. Kb2 b6 27. Na6 Bb7 28. Nb4 Nc6 29. Nc2 g6 30. Red1 h5 31. Qf2 Nb8 32. Ne3 Qd6 33. Qf1 Rc7 34. Rd2 a6 35. c4 Ka7 36. cxd5 Rxc1 37. Qxc1 Rc8 38. Rc2 Rxc2+ 39. Qxc2 Bxd5 40. Nxd5 Qxd5 41. Qc7+ Qb7 42. Qe5 Nc6 43. Qd6 Ne7 44. Bxa6 Qxa6 45. Qxe7+ Kb8 46. Qe8+ Kc7 47. Qf7+ Kd8 48. Qc4 b5 49. Qg8+ Ke7 50. Qg7+ Kd8 51. Qf8+ Kd7 52. Qc5 b4 53. Qc4 Qd6 54. Kc2 h4 55. Kd2 hxg3 56. Ke3 Ke7 1/2-1/2

[Event "Kecskemet Caissa IM 03"]
[Site "Kecskemet"]
[Date "2012.03.23"]
[Round "8"]
[White "Abel, Lajos"]
[Black "Lorparizangeneh, Shahin"]
[Result "1/2-1/2"]
[WhiteElo "2242"]
[BlackElo "2170"]
[PlyCount "22"]
[EventDate "2012.03.17"]
[EventType "tourn"]
[EventRounds "10"]
[EventCountry "HUN"]
[SourceTitle "CBM 147 Extra"]
[Source "ChessBase"]
[SourceDate "2012.04.24"]
[SourceVersion "1"]
[SourceVersionDate "2012.04.24"]
[SourceQuality "1"]

1. d4 d5 2. Nf3 Nf6 3. Bf4 c5 4. c3 Nc6 5. dxc5 e6 6. e3 Bxc5 7. Nbd2 0-0 8. Bd3 Bd6 9. Bg5 h6 10. Bh4 Be7 11. 0-0 e5 1/2-1/2

[Event "Kecskemet Caissa IM 03"]
[Site "Kecskemet"]
[Date "2012.03.19"]
[Round "4"]
[White "Abel, Lajos"]
[Black "Padhya, Saumil"]
[Result "1-0"]
[WhiteElo "2242"]
[BlackElo "2187"]
[PlyCount "99"]
[EventDate "2012.03.17"]
[EventType "tourn"]
[EventRounds "10"]
[EventCountry "HUN"]
[SourceTitle "CBM 147 Extra"]
[Source "ChessBase"]
[SourceDate "2012.04.24"]
[SourceVersion "1"]
[SourceVersionDate "2012.04.24"]
[SourceQuality "1"]

1. d4 Nf6 2. Nf3 g6 3. Bf4 Bg7 4. e3 d5 5. Nc3 0-0 6. Qd2 c5 7. Be2 cxd4 8. exd4 Nc6 9. Ne5 Qb6 10. 0-0-0 Be6 11. Na4 Qd8 12. Nxc6 bxc6 13. f3 Nh5 14. Be3 f5 15. Nc5 Bc8 16. g3 Rb8 17. Rhe1 e5 18. dxe5 Bxe5 19. Bd4 Bxd4 20. Qxd4 Ng7 21. Bf1 Qf6 22. Qxf6 Rxf6 23. Re7 Rf7 24. Re5 Bb7 25. c4 Ba8 26. Rde1 a5 27. Kc2 Kf8 28. b3 Ra7 29. Kc3 Re8 30. Kd4 Rxe5 31. Rxe5 Re7 32. a3 Rxe5 33. Kxe5 dxc4 34. Bxc4 Ke7 35. Ba6 Ne8 36. Bb7 Bxb7 37. Nxb7 Nf6 38. Nxa5 Nd7+ 39. Kd4 Kd6 40. Nb7+ Kc7 41. Nc5 Nf6 42. a4 Kb6 43. Nd3 Nd5 44. Ne5 Nf6 45. Nc4+ Kc7 46. a5 Nd7 47. b4 Kb7 48. Ne5 Nb8 49. Kc5 Kc7 50. b5 1-0